Statistics for All-Time English Premier League Top Goalscorers

Click here to take the quiz!

General Stats

  • This quiz has been taken 226 times
    (69 since last reset)
  • The average score is 27 of 34

Answer Stats

GoalsAnswerNationalityClub*Years Active% Correct
213Harry KaneTottenham Hotspur2012-2023
100%
184Sergio AgüeroManchester City2011-2021
100%
208Wayne RooneyManchester United2002-2018
100%
260Alan ShearerNewcastle United1992-2006
98%
104Didier DrogbaChelsea2004-2015
98%
154Mohamed SalahLiverpool2014-
98%
175Thierry HenryArsenal1999-2012
98%
103Cristiano RonaldoManchester United2003-2022
97%
117Son Heung-MinTottenham Hotspur2015-
97%
177Frank LampardChelsea1996-2015
94%
120Steven GerrardLiverpool1998-2015
94%
109Ryan GiggsManchester United1992-2014
92%
111Sadio ManéLiverpool2014-2022
92%
144Robin van PersieArsenal2004-2015
87%
149Les FerdinandQueens Park Rangers1992-2004
86%
150Michael OwenLiverpool1997-2013
86%
121Romelu LukakuEverton2011-2022
86%
136Jamie VardyLeicester City2014-2023
84%
126Robbie KeaneTottenham Hotspur1999-2012
81%
187Andrew ColeManchester United1993-2006
79%
107Paul ScholesManchester United1994-2013
79%
162Jermain DefoeTottenham Hotspur2001-2018
78%
121Raheem SterlingManchester City2012-
78%
108Peter CrouchStoke City2002-2019
75%
123Dwight YorkeAston Villa1992-2009
71%
163Robbie FowlerLiverpool1993-2008
71%
125Nicolas AnelkaChelsea1997-2014
70%
113Ian WrightArsenal1992-1999
63%
146Teddy SheringhamTottenham Hotspur1992-2006
63%
127Jimmy Floyd HasselbainkChelsea1997-2007
57%
100Matt Le TissierSouthampton1992-2002
57%
106Darren BentSunderland2001-2014
43%
111Dion DublinCoventry City1992-2004
41%
110Emile HeskeyLiverpool1995-2012
40%

Score Distribution

Percentile by Number Answered

Percent of People with Each Score

Your Score History

You have not taken this quiz since the last reset